=LDR 00000nam 2200000 4500 =001 INLIS000000000039145 =005 20130612144808 =008 ***********************************ind** =035 ##$$0010-061300000039145 =041 ##$$a ind =082 ##$$a 813 =100 ##$$a neirovsky, irene =245 ##$$a suite francaise =260 ##$$a qanita $b jakarta =300 ##$$a 629 hlm =850 ##$$a NBPNMAT